00414pab a2200145 454500008004000000100002000040245006800060260000900128300001300137362000800150650003600158650002000194700002200214773003200236180718b2003 xxu||||| |||| 00| 0 eng d aPanda, Sudhakar aEconomic reforms and the challenge of social sector development c2003 ap.69-76. aJul aEconomic and social development aEconomic reform aMishra, Pratip K. aIndian Journal of Economics